Reneé Rapp - Chansons de l'album Snow Angel - Statistiques

Statistiques générales
  • Ce quiz a été pris 36 fois
  • Le résultat moyen est 14 sur 16
Statistiques - réponses
Hint Réponse % Correct
Album Pretty Girls
100%
Album Snow Angel
100%
Album I Hate Boston
95%
Album. 23
90%
Album Talk Too Much
90%
Album Tummy Hurts
90%
Album Deluxe Tummy Hurts
90%
Album. Willow
90%
Album Poison Poison
86%
Album Deluxe Swim
86%
Album Gemini Moon
81%
Album The Wedding Song
81%
Album Deluxe I Do
76%
Album. I Wish
76%
Album Deluxe Messy
67%
Album So What Now
67%
Aucun quiz correspondant
Distribution des résultats
% des personnes avec chaque résultat
Percentile par nombre de réponses
Votre historique - résultats
Vous n’avez pas pris ce quiz